MARC

LEADER 00000nam0a2200000 4500
001 357595
005 20231102011016.0
035 |a (RuTPU)RU\TPU\retro\14863 
090 |a 357595 
100 |a 20200806d1978 km y0rusy50 ca 
101 0 |a rus 
102 |a RU 
105 |a a z 001zy 
200 1 |a Монтаж и эксплуатация ТП 6-10/0,4 кВ сельскохозяйственного назначения  |f П. Г. Аликин, Б. П. Аликин  
210 |a Москва  |c Энергия  |d 1978 
215 |a 96 с.  |c ил. 
225 1 |a Библиотека электромонтера  |v Вып. 482 
320 |a Библиогр.: с. 92 
606 1 |a Электрические подстанции, сельские  |x Постройка  |2 stltpush  |3 (RuTPU)RU\TPU\subj\27327  |9 51103 
610 1 |a сельское хозяйство 
610 1 |a сельское электроснабжение 
610 1 |a монтаж 
610 1 |a эксплуатация 
610 1 |a электрическое оборудование 
610 1 |a сооружение 
675 |a 621.311.4:69  |v 4 
700 1 |a Аликин  |b П. Г.  |g Петр Георгиевич 
701 1 |a Аликин  |b Б. П.  |g Борис Петрович 
801 1 |a RU  |b 63413507  |c 20200806 
801 2 |a RU  |b 63413507  |c 20210311  |g RCR 
942 |c BK